Przewoźnicy kolejowi w Polsce według logo - Statystyki

Ogólne statystyki
  • Ten quiz został rozwiązany 67 razy
  • Średni wynik to 10 z 15
Statystyki odpowiedzi
Obrazkowy Odpowiedź % Poprawnych
PKP Intercity
100%
PolRegio
98%
Koleje Mazowieckie
92%
Koleje Śląskie
92%
Koleje Dolnośląskie
84%
Koleje Wielkopolskie
80%
Łódzka Kolej Aglomeracyjna
71%
Koleje Małopolskie
67%
Warszawska Kolej Dojazdowa
61%
SKM w Trójmieście
59%
Arriva RP
57%
SKM w Warszawie
55%
Usedomer Bäderbahn
47%
Leo Express
37%
RegioJet
35%
Nie znaleziono quizów pasujących do podanych kryteriów
Rozkład punktacji
Procent ludzi z każdym wynikiem
Percentyl według liczby udzielonych odpowiedzi
Twoja historia wyników
Nie rozwiązałeś tego quizu